Catálogo
 En Linea

Una aventura aquí mismo : (Registro nro. 15966)

Detalles MARC
000 -CABECERA
campo de control de longitud fija 01273nam a2200217 a 4500
001 - NÚMERO DE CONTROL
campo de control 000016431
005 - FECHA Y HORA DE LA ÚLTIMA TRANSACCIÓN
campo de control 20200929164426.0
008 - DATOS DE LONGITUD FIJA--INFORMACIÓN GENERAL
campo de control de longitud fija 100305s1995 dr a r 001 0 spa d
040 ## - FUENTE DE LA CATALOGACIÓN
Centro catalogador/agencia de origen DO-SdBNP
Lengua de catalogación spa
Centro/agencia transcriptor BNPHU
082 ## - NÚMERO DE LA CLASIFICACIÓN DECIMAL DEWEY
Número de clasificación 372.241
Número de documento/Ítem C949a
100 1# - ENTRADA PRINCIPAL--NOMBRE DE PERSONA
Nombre de persona Crosby, Robin
9 (RLIN) 36625
245 10 - MENCIÓN DE TÍTULO
Título Una aventura aquí mismo :
Resto del título una guía para maestros de preescolar no formal /
Mención de responsabilidad, etc. Robin Crosby, Terri Elders.
260 ## - PUBLICACIÓN, DISTRIBUCIÓN, ETC.
Lugar de publicación, distribución, etc. Santo Domingo :
Nombre del editor, distribuidor, etc. Taller,
Fecha de publicación, distribución, etc. 1995.
300 ## - DESCRIPCIÓN FÍSICA
Extensión 91 p. :
Otras características físicas il. ;
Dimensiones 23 cm.
505 0# - NOTA DE CONTENIDO CON FORMATO
Título ¿Qué es un preescolar? --
-- ¿Cuáles son las edades de un preescolar? --
-- ¿Cuantos niños deben estar en el mismo grupo? --
-- Conociendo las cosas básicas --
-- ¿Cómo aprenden los niños? --
-- ¿Qué es un plan de trabajo? --
-- ¿Cómo puedo conseguir materiales para mi preescolar? --
-- ¿Hay materiales educativos que yo puedo hacer para mi preescolar? --
-- Juegos para identificar números, vocales, figuras --
-- Materiales educativos - Instrumentos musicales --
-- Temas por meses --
-- Los principales derechos de la niñez --
-- Referencias.
590 ## - NOTA LOCAL (RLIN)
Nota local Inventariado, 2018/BT
650 #4 - PUNTO DE ACCESO ADICIONAL DE MATERIA--TÉRMINO DE MATERIA
Término de materia o nombre geográfico como elemento de entrada Educación preescolar
Subdivisión general Planificación
9 (RLIN) 36626
650 #4 - PUNTO DE ACCESO ADICIONAL DE MATERIA--TÉRMINO DE MATERIA
Término de materia o nombre geográfico como elemento de entrada Educación en la primera infancia
9 (RLIN) 36627
700 1# - PUNTO DE ACCESO ADICIONAL--NOMBRE DE PERSONA
Nombre de persona Elders, Terri
9 (RLIN) 36628
910 ## - DATOS DE OPCIÓN DEL USUARIO (OCLC)
Datos de opción del usuario Validado. Control de calidad. EMS
Existencias
Estado de retiro Estado de pérdida No para préstamo Código de colección Localización permanente Ubicación/localización actual Ubicación en estantería Fecha de adquisición Número de inventario Total de préstamos Signatura topográfica completa Código de barras Fecha visto por última vez Precio válido a partir de Tipo de ítem Koha Número de copia
    Excluido de préstamo Patrimonio Dominicano Patrimonio Dominicano Patrimonio Dominicano Depósito 05.03.2010 LF1   372.241 C949a 16431-10 25.06.2020 25.06.2020 Libro y Folleto Colección Patrimonio Dominicano  
  Extraviado Excluido de préstamo Patrimonio Dominicano Patrimonio Dominicano Patrimonio Dominicano Extraviado 05.03.2010 LF1   372.241 C949a 16431-20 25.06.2020 25.06.2020 Libro y Folleto Colección Patrimonio Dominicano e. 2

Con tecnología Koha